Multiple Choice City Quiz – Raleigh - Statistics

General Stats
  • This quiz has been taken 54 times
    51 since last reset
  • The average score is 8 of 10
Answer Stats
Question Answer % Correct
What region does Raleigh form with the nearby cities of Durham and Chapel Hill? Research Triangle
94%
What is Raleigh's professional hockey team called? Carolina Hurricanes
91%
Where is Raleigh located on the map?
88%
Sir Walter Raleigh, whom Raleigh is named for, is known for sponsoring what early American settlement? Roanoke
82%
What county is Raleigh a part of? Wake
82%
Which of these universities is based in Raleigh? North Carolina State University
79%
Which of these is NOT a nickname used for Raleigh? Queen City
76%
What large forested park is located next to Raleigh-Durham Airport? Umstead State Park
74%
Three of these 4 statements about Raleigh are true. Which one isn't? It is where Krispy Kreme was founded
68%
Which U.S. president was born in Raleigh? Andrew Johnson
65%
No matching quizzes found
Score Distribution
Percent of People with Each Score
Percentile by Number Answered
Your Score History
You have not taken this quiz since the last reset